[Event "Karakol Derbishev Memorial U17"]
[Site "Karakol"]
[Date "2017.08.??"]
[Round "5.2"]
[White "Tynybekov, Bakyt"]
[Black "Aripov, Abdusamat"]
[Result "1-0"]
[WhiteElo "1508"]
[BlackElo "1733"]
[PlyCount "69"]
[EventDate "2017.08.17"]
[EventType "swiss"]
[EventRounds "9"]
[EventCountry "KGZ"]
[SourceTitle "EXT 2022"]
[Source "ChessBase"]
[SourceDate "2021.10.06"]
[SourceVersion "1"]
[SourceVersionDate "2021.10.06"]
[SourceQuality "1"]

1. d4 Nf6 2. c4 g6 3. Nc3 d5 4. Bf4 Bg7 5. c5 0-0 6. e3 c6 7. h3 b6 8. b4 a5 9. a3 Ba6 10. Bxa6 Nxa6 11. Qb1 Nh5 12. Bh2 e5 13. dxe5 Qg5 14. g4 Bxe5 15. Bxe5 Qxe5 16. Na4 Ng7 17. Nxb6 Qc3+ 18. Kf1 Rad8 19. Ne2 Qf6 20. Nd4 Rfe8 21. Kg2 h5 22. Qd3 Nc7 23. bxa5 hxg4 24. hxg4 Qg5 25. f4 Qxg4+ 26. Kf2 Nce6 27. Rag1 Nxf4 28. exf4 Qxf4+ 29. Nf3 Nf5 30. Re1 Qg3+ 31. Kf1 Rxe1+ 32. Nxe1 Ne3+ 33. Ke2 Re8 34. Kd2 Ng2 35. Qxg3 1-0